SQL, PL / SQL : The Programming Language of Oracle (Record no. 17185)

MARC details
000 -LEADER
fixed length control field 00394nam a2200157Ia 4500
008 - FIXED-LENGTH DATA ELEMENTS--GENERAL INFORMATION
fixed length control field 221030s9999 xx 000 0 und d
020 ## - INTERNATIONAL STANDARD BOOK NUMBER
ISBN 817656964X
041 ## - LANGUAGE CODE
Language code of text/sound track or separate title
100 ## - MAIN ENTRY--AUTHOR NAME
Personal name I. Bayross
245 #0 - TITLE STATEMENT
Title SQL, PL / SQL : The Programming Language of Oracle
Statement of responsibility, etc by I. Bayross
250 ## - EDITION STATEMENT
Edition statement 4th
260 ## - PUBLICATION, DISTRIBUTION, ETC. (IMPRINT)
Name of publisher BPB Pub
Place of publication New Delhi
Year of publication 2016
300 ## - PHYSICAL DESCRIPTION
Number of Pages 470
650 ## - SUBJECT ADDED ENTRY--TOPICAL TERM
Topical Term Computers
942 ## - ADDED ENTRY ELEMENTS (KOHA)
Koha item type Books
Holdings
Accession Number Cost, normal purchase price Bill Date Source of acquisition Price effective from Koha item type Withdrawn / writtenoff status Materials specified (bound volume or other part) Damaged status Not for loan Permanent Location Current Location Shelving location Date acquired Lost/ Missing status department
M 3303 360.00 11676 RKB 10/30/2022 Books   Print   Not For Loan MIET Library, Jammu MIET Library, Jammu BL-Academic Block B, FL-2, CUP-125, SH-1, R-1 01/02/2017   MCA
M 3304 360.00 11676 RKB 10/30/2022 Books   Print     MIET Library, Jammu MIET Library, Jammu BL-Academic Block B, FL-2, CUP-170, SH-6, R-6 01/02/2017   MCA
M 3305 360.00 11676 RKB 10/30/2022 Books   Print     MIET Library, Jammu MIET Library, Jammu BL-Academic Block B, FL-2, CUP-170, SH-6, R-6 01/02/2017   MCA
M 3393 360.00 11740 RKB 10/30/2022 Books   Print     MIET Library, Jammu MIET Library, Jammu BL-Academic Block B, FL-2, CUP-170, SH-6, R-6 01/25/2017   MCA
M 3394 360.00 11740 RKB 10/30/2022 Books   Print     MIET Library, Jammu MIET Library, Jammu BL-Academic Block B, FL-2, CUP-170, SH-6, R-6 01/25/2017   MCA
M 3395 360.00 11740 RKB 10/30/2022 Books   Print     MIET Library, Jammu MIET Library, Jammu BL-Academic Block B, FL-2, CUP-170, SH-6, R-6 01/25/2017   MCA